1293 1281 1255 1990 1328 1572 1401 1480 1419 1308 1062 1817 1397 1024 1210 1481 1383 1088 1762 1786 1503 1112 1231 1022 1149 1148 1692 1626 1281 1184 1370 1996 1427 1391 1161 1279 1535 1569 1983 1415 1922 1344 1530 1703 1621 1302 1552 1744 1381 1168 1311 1207 1840 1612 1367 1955 1591 1903 1270 1932 1492 1882 1532 1023 1760 1456 1640 1918 1439 1301 1557 1095 1555 1269 1602 1716 1435 1137 1223 1882 1352 1055 1001 1471 1502 1247 1028 1206 1339 1409 1676 1035 1723 1079 1334 1930 1298 1678 1958 BCNSPRNW ULIB Ver.6.0+V

เปลี่ยนเป็นภาษาไทย

Change to English
 แสดงรายละเอียดบรรณานุกรม
  กลับหน้าหลัก

Brief Record : Get Marc (ISO 2709) : E-mail record : QR code < ปิดหน้าต่าง
LEADER : 00000nam 2200000uu 4500
001    13399108160
003     ULIB
008    110220s2552||||th 000 0 tha d
020    9789746724562
060 04 WG460^bน726ก 2552
245 00 การระงับความรู้สึกผู้ป่วยโรคหัวใจและหลอดเลือดสำหรับการผ่าตัดที่ไม่ใช่การผ่าตัดหัวใจ /^cนุชนารถ บุญจึงมงคล, วรวุธ ลาภพิเศษพันธุ์ บรรณาธิการ
250    พิมพ์ครั้งที่ 1
260    เชียงใหม่ :^bภาควิชาวิสัญญีวิทยา คณะแพทยศาสตร์มหาวิทยาลัยเชียงใหม่,^c2552
300    v, 298 หน้า :^bภาพประกอบ ;^c21 ซม.
490 0  โครงการตำรา-แพทย์เชียงใหม่
650  7 ยาระงับความรู้สึก
650  7 ระงับความรู้สึก
650  7 หัวใจ, โรค^xศัลยกรรม
650  7 หัวใจร่วมหลอดเลือด, โรค^xศัลยกรรม
700 0  นุชนารถ บุญจึงมงคล,^eบรรณาธิการ
700 0  วรวุธ ลาภพิเศษพันธุ์,^eบรรณาธิการ
710 2  มหาวิทยาลัยเชียงใหม่. ^bคณะแพทยศาสตร์.^bภาควิชาวิสัญญีวิทยา
945    ^p300^l0^i028254
945    ^p300^l0^i026997
945    ^p300^l0^i028253
945    ^p300^l0^i026996
945    ^p300^l0^i026995
945    ^p300^l0^i026994
945    ^p300^l0^i028255
995    ทศพร
999 ^a ใช้งานได้ทุกระบบ
รายการนี้ยังไม่มีแท็ก
คุณยังไม่ได้ล็อกอิน คุณสามารถมีกิจกรรมร่วมกับเว็บไซต์ได้ แต่ต้องล็อกอินก่อน ::
  ล็อกอิน

รายการสื่อสารสนเทศ

ลำดับที่ ประเภท เลขเรียก/บาร์โค้ด สถานที่ สถานะ
- ไม่พบข้อมูล -

รายการใกล้เคียง
    หัวเรื่อง [ยาระงับความรู้สึก]
    หัวเรื่อง [ระงับความรู้สึก]

BibComment


ยังไม่เคยถูกคอมเมนท์

คอมเมนท์ทรัพยากรรายการนี้
  คอมเมนท์: การระงับความรู้สึ..


 Copyright 2026. Bcnsprnw @Library